| 000 | 00495nam a2200193 a 4500 | ||
|---|---|---|---|
| 001 | 1773825107024 | ||
| 003 | YourLibrary | ||
| 005 | 20260318144534.0 | ||
| 008 | 260318s2005##################000#0#eng## | ||
| 020 | _a9780300119794 | ||
| 082 | 0 | 4 |
_a355.00937 _bLEN |
| 100 | 1 |
_aLendon, J. E., _eauthor. |
|
| 245 | 1 | 0 | _aSoldiers and Ghosts : |
| 260 |
_bYale University Press, _c2005. |
||
| 300 | _a484 pages | ||
| 650 | 0 | _aHistory. | |
| 942 | _cENGLISH | ||
| 040 |
_aYourLibrary _beng _cYourLibrary |
||
| 999 |
_c617830 _d617830 |
||